[Event "ch-CHN w 2014"]
[Site "Xinghua CHN"]
[Date "2014.03.11"]
[Round "1.1"]
[White "Ju, Wenjun"]
[Black "Guo, Qi"]
[Result "1-0"]
[WhiteTitle "WGM"]
[BlackTitle "WGM"]
[WhiteElo "2520"]
[BlackElo "2462"]
[WhiteFideId "8603006"]
[BlackFideId "8604002"]
[EventDate "2014.03.11"]

1. d4 d5 2. c4 e6 3. Nc3 Bb4 4. cxd5 exd5 5. Bf4 c6 6. e3 Ne7 7. h4 Bd6 8. Bxd6
Qxd6 9. Bd3 Bf5 10. Bxf5 Nxf5 11. Qd3 Ne7 12. Nf3 Nd7 13. h5 O-O-O 14. O-O-O Kb8
15. Kb1 g6 16. g4 gxh5 17. Rxh5 Qg6 18. Rh4 h5 19. Qxg6 fxg6 20. Ne5 Nxe5 21.
dxe5 Rdf8 22. f4 hxg4 23. Rxg4 Rh3 24. e4 Rf3 25. f5 gxf5 26. Rg7 Re8 27. exd5
cxd5 28. Nxd5 Nxd5 29. Rxd5 Rf1+ 30. Kc2 Rf2+ 31. Kb3 a6 32. Rdd7 Rxe5 33. Rxb7+
Ka8 34. Ra7+ Kb8 35. Rab7+ Ka8 36. Rb6 a5 37. a4 Rf3+ 38. Ka2 Rf4 39. Ka3 Rf3+
40. b3 Rd3 41. Rf6 Rd8 42. Rgf7 Rdd5 43. Rh6 Re8 44. Rh5 Red8 45. Rfxf5 Rxf5 46.
Rxf5 1-0

[Event "ch-CHN w 2014"]
[Site "Xinghua CHN"]
[Date "2014.03.11"]
[Round "1.2"]
[White "Zhang, Xiaowen"]
[Black "Ding, Yixin"]
[Result "1/2-1/2"]
[WhiteTitle "WGM"]
[BlackTitle "WGM"]
[WhiteElo "2397"]
[BlackElo "2429"]
[WhiteFideId "8603219"]
[BlackFideId "8602972"]
[EventDate "2014.03.11"]

1. e4 c5 2. Nf3 d6 3. d4 cxd4 4. Nxd4 Nf6 5. Nc3 a6 6. Be2 e5 7. Nb3 Be7 8. O-O
O-O 9. Be3 Be6 10. Qd3 Nbd7 11. Nd5 Bxd5 12. exd5 Nc5 13. Nxc5 dxc5 14. Bf3 Qc7
15. c4 Bd6 16. g3 Qe7 17. Qc2 Nd7 18. Bg4 g6 19. Bxd7 Qxd7 20. f4 exf4 21. Bxf4
Bxf4 22. Rxf4 f5 23. Re1 Rae8 24. Rff1 Re7 25. Qd2 Rfe8 26. Rxe7 Qxe7 27. Kf2
Qd6 28. Re1 Rxe1 29. Qxe1 Kf7 30. Qe3 Qf6 31. b3 b6 32. h4 Qd6 33. Qh6 Kg8 34.
Qf4 Qf6 35. Kf3 Qa1 36. Qd2 Qf1+ 37. Ke3 Kf7 38. Qc3 h6 39. Qh8 1/2-1/2

[Event "ch-CHN w 2014"]
[Site "Xinghua CHN"]
[Date "2014.03.11"]
[Round "1.3"]
[White "Shen, Yang"]
[Black "Lei, Tingjie"]
[Result "1/2-1/2"]
[WhiteTitle "IM"]
[WhiteElo "2435"]
[BlackElo "2374"]
[WhiteFideId "8603162"]
[BlackFideId "8605114"]
[EventDate "2014.03.11"]

1. d4 Nf6 2. c4 g6 3. Nf3 Bg7 4. Nc3 d5 5. e3 O-O 6. Qb3 e6 7. Bd2 b6 8. cxd5
exd5 9. Be2 Bb7 10. O-O Nbd7 11. a4 a5 12. Rfd1 Re8 13. Rac1 Bf8 14. Ne1 c6 15.
Nd3 Bd6 16. f4 Nf8 17. Ne5 Rc8 18. Bf3 Ne6 19. Be1 Kg7 20. Ne2 Qc7 21. Bh4 Qd8
22. Bxf6+ Kxf6 23. e4 dxe4 24. Bxe4 Kg7 25. Qf3 Qf6 26. g3 Nd8 27. Nc3 Qe7 28.
h4 f5 29. Bb1 c5 30. Nd5 Qe6 31. dxc5 Rxc5 32. Rxc5 Bxc5+ 33. Kf1 Bd6 34. Nc4
Bxd5 35. Rxd5 Qe1+ 36. Kg2 Re2+ 37. Kh3 Qxb1 38. Rxd6 Re1 39. Kg2 Nf7 40. Nd2
Qxb2 41. Rd7 Qa2 42. Kh3 Qa1 43. Qf2 Qd1 44. Qd4+ Kg8 45. Rc7 Qg4+ 46. Kg2 Qe2+
47. Qf2 Qe6 48. Qd4 Qe2+ 49. Qf2 Nh6 50. Rc8+ Kf7 51. Rc7+ Kf8 52. Nf3 Ng4 53.
Qxe2 Rxe2+ 54. Kg1 Re3 55. Kg2 Re2+ 56. Kg1 h6 57. Rc6 Kf7 58. Rxb6 Re3 59. Kg2
Re2+ 60. Kg1 Ra2 61. h5 gxh5 62. Rb5 Ne3 63. Rxa5 Rg2+ 64. Kh1 Rxg3 65. Nd4 Rg4
66. Nxf5 Nxf5 67. Rxf5+ Kg6 68. Rf8 1/2-1/2

[Event "ch-CHN w 2014"]
[Site "Xinghua CHN"]
[Date "2014.03.11"]
[Round "1.4"]
[White "Zhai, Mo"]
[Black "Wang, Doudou"]
[Result "0-1"]
[WhiteTitle "WIM"]
[BlackTitle "WIM"]
[WhiteElo "2266"]
[BlackElo "2217"]
[WhiteFideId "8600201"]
[BlackFideId "8603197"]
[EventDate "2014.03.11"]

1. e4 e5 2. Nf3 d6 3. d4 exd4 4. Nxd4 Nf6 5. Nc3 Be7 6. Be2 O-O 7. O-O Re8 8.
Re1 Bf8 9. Bf1 Nbd7 10. Bg5 c6 11. Qd2 Ne5 12. f3 h6 13. Bh4 Ng6 14. Bf2 d5 15.
exd5 Rxe1 16. Rxe1 Nxd5 17. Nxd5 Qxd5 18. c4 Qd6 19. c5 Qd8 20. Qc2 Bd7 21. Re4
Qg5 22. Qb3 Bxc5 23. Qxb7 Rd8 24. h4 Qf6 25. Qb3 Nf4 26. Bc4 Ng6 27. Qe3 h5 28.
Qe1 Bb6 29. Kf1 Kh7 30. Qc1 Bc8 31. Ne2 Bf5 32. Bxb6 axb6 33. Re3 Qxh4 34. Kg1
Qg5 35. Bxf7 Nh4 36. g3 Rd1+ 37. Qxd1 Qxe3+ 0-1

[Event "ch-CHN w 2014"]
[Site "Xinghua CHN"]
[Date "2014.03.11"]
[Round "1.5"]
[White "Xiao, Yiyi"]
[Black "Tan, Zhongyi"]
[Result "1/2-1/2"]
[WhiteTitle "WFM"]
[BlackTitle "WGM"]
[WhiteElo "2177"]
[BlackElo "2499"]
[WhiteFideId "8606161"]
[BlackFideId "8603642"]
[EventDate "2014.03.11"]

1. d4 Nf6 2. c4 g6 3. g3 Bg7 4. Bg2 O-O 5. Nc3 d6 6. Nf3 Nc6 7. O-O a6 8. h3 Rb8
9. e4 b5 10. cxb5 axb5 11. e5 dxe5 12. dxe5 Qxd1 13. Rxd1 Nd7 14. Be3 e6 15.
Rac1 b4 16. Na4 Ne7 17. Bc5 Nxc5 18. Nxc5 Ra8 19. Nd3 Rxa2 20. Nxb4 Rxb2 21.
Rxc7 Rxb4 22. Rxe7 Rb5 23. Rc7 Rb2 24. Rc5 Bb7 25. Rd2 Rb1+ 26. Kh2 Ra8 27. Ng5
Bxg2 28. Kxg2 Bh6 29. h4 Rb7 30. Rdc2 Bxg5 1/2-1/2

[Event "ch-CHN w 2014"]
[Site "Xinghua CHN"]
[Date "2014.03.11"]
[Round "1.6"]
[White "Gu, Tianlu"]
[Black "Wang, Jue"]
[Result "1/2-1/2"]
[BlackTitle "WGM"]
[WhiteElo "2164"]
[BlackElo "2384"]
[WhiteFideId "8603995"]
[BlackFideId "8604070"]
[EventDate "2014.03.11"]

1. e4 c5 2. Nf3 d6 3. d4 cxd4 4. Nxd4 Nf6 5. Nc3 a6 6. h3 e6 7. g4 Be7 8. Bg2
Nfd7 9. Be3 Nc6 10. O-O O-O 11. Qe2 Nxd4 12. Bxd4 b5 13. a3 Bb7 14. Rad1 Rc8 15.
f4 Qc7 16. Qf2 e5 17. fxe5 dxe5 18. Be3 Bc5 19. Nd5 Bxd5 20. Bxc5 Nxc5 21. exd5
Nb7 22. Qf5 Nd6 23. Qxe5 Rfe8 24. Qf4 Qc5+ 25. Rf2 Re2 26. Rd2 Rce8 27. Kh2 R2e3
28. Rd3 Rxd3 29. cxd3 h6 30. b4 Qc7 31. Rf1 g5 32. Qc1 Qe7 33. Qc3 Rc8 34. Qf6
Qxf6 35. Rxf6 Rd8 36. Rf2 Rc8 37. Rf6 Rd8 38. Rf2 Rc8 39. a4 Kg7 40. Ra2 Kf6 41.
axb5 axb5 42. Ra6 Ke7 43. Ra7+ Kd8 44. Ra6 Kd7 45. Ra7+ Kd8 46. Ra6 Kd7 47. Ra7+ 1/2-1/2

[Event "ch-CHN w 2014"]
[Site "Xinghua CHN"]
[Date "2014.03.12"]
[Round "2.1"]
[White "Guo, Qi"]
[Black "Wang, Jue"]
[Result "1-0"]
[WhiteTitle "WGM"]
[BlackTitle "WGM"]
[WhiteElo "2462"]
[BlackElo "2384"]
[WhiteFideId "8604002"]
[BlackFideId "8604070"]
[EventDate "2014.03.11"]

1. d4 Nf6 2. Nf3 g6 3. c4 Bg7 4. Nc3 d6 5. e4 O-O 6. Be2 e5 7. O-O Nc6 8. d5 Ne7
9. b4 Nh5 10. g3 a5 11. Ba3 f5 12. c5 fxe4 13. Nxe4 Nf6 14. Nxf6+ Bxf6 15. b5 e4
16. Nd4 Nf5 17. Nxf5 gxf5 18. Rc1 f4 19. cxd6 cxd6 20. Bg4 f3 21. Be6+ Kh8 22.
Re1 Bxe6 23. dxe6 Be5 24. Rxe4 Qg5 25. Rh4 Qf5 26. Bxd6 Bxd6 27. Qxd6 Rad8 28.
Qc7 Rd3 1-0

[Event "ch-CHN w 2014"]
[Site "Xinghua CHN"]
[Date "2014.03.12"]
[Round "2.2"]
[White "Tan, Zhongyi"]
[Black "Gu, Tianlu"]
[Result "1-0"]
[WhiteTitle "WGM"]
[WhiteElo "2499"]
[BlackElo "2164"]
[WhiteFideId "8603642"]
[BlackFideId "8603995"]
[EventDate "2014.03.11"]

1. d4 d5 2. Nf3 Nf6 3. c4 c6 4. Nc3 a6 5. c5 Nbd7 6. Bf4 Nh5 7. Bd2 Nhf6 8. Rc1
g6 9. h3 Bg7 10. Bf4 O-O 11. e3 Ne4 12. Nxe4 dxe4 13. Nd2 Qa5 14. Rc3 e5 15. Nc4
Qc7 16. Bh2 h6 17. Be2 Qd8 18. dxe5 Qg5 19. O-O Nxe5 20. h4 Qe7 21. Qd6 Qxd6 22.
Nxd6 Nd3 23. Rc2 Nb4 24. Rd2 Nxa2 25. Nxc8 Raxc8 26. Rd7 Nb4 27. Bd6 Rfd8 28.
Rxb7 Nd3 29. Bxd3 exd3 30. Rd1 Bf8 31. Rxd3 Bxd6 32. cxd6 Rb8 33. Rxb8 Rxb8 34.
d7 Rd8 35. b4 Kf8 36. Rd6 Ke7 37. Rxc6 Rxd7 38. Rxa6 Rb7 39. Ra4 Kd6 40. g3 Kd5
41. Kg2 Kc4 42. g4 Kb5 43. Ra8 Rb6 44. Rf8 Rb7 45. Rh8 Kxb4 46. Rxh6 1-0

[Event "ch-CHN w 2014"]
[Site "Xinghua CHN"]
[Date "2014.03.12"]
[Round "2.3"]
[White "Wang, Doudou"]
[Black "Xiao, Yiyi"]
[Result "1/2-1/2"]
[WhiteTitle "WIM"]
[BlackTitle "WFM"]
[WhiteElo "2217"]
[BlackElo "2177"]
[WhiteFideId "8603197"]
[BlackFideId "8606161"]
[EventDate "2014.03.11"]

1. d4 Nf6 2. c4 e6 3. Nf3 d5 4. Nc3 Bb4 5. Bg5 h6 6. Bxf6 Qxf6 7. Qb3 Nc6 8. e3
O-O 9. Be2 dxc4 10. Qxc4 Qg6 11. O-O Bd6 12. Nb5 Bd7 13. Nxd6 cxd6 14. d5 exd5
15. Qxd5 Rad8 16. Rfd1 Be6 17. Qb5 Rd7 18. Qa4 a6 19. Rac1 Rfd8 20. b3 Ne7 21.
Nh4 Qf6 22. Qd4 Qxd4 23. Rxd4 d5 24. Rdd1 d4 25. exd4 g5 26. Nf3 g4 27. Ne5 Rxd4
28. Nxg4 Nc6 29. Ne3 Nb4 30. a3 Nd3 31. Rc3 Nf4 32. Bf3 Rxd1+ 33. Nxd1 Bd5 34.
Nb2 Bxf3 35. Rxf3 Rd2 36. Rxf4 Rxb2 37. g3 Rxb3 38. a4 Kf8 39. Kg2 Ke7 40. Rh4
Rb6 41. Rc4 Rc6 42. Re4+ Kd6 43. Rf4 Ke6 44. Re4+ Kd6 45. Rf4 Ke7 46. Re4+ Re6
47. Rc4 b5 48. axb5 axb5 49. Rc7+ Kf6 50. Rb7 Re5 51. Rb6+ Kg7 52. g4 h5 53.
gxh5 Rxh5 54. Kg3 f6 55. h4 Rc5 1/2-1/2

[Event "ch-CHN w 2014"]
[Site "Xinghua CHN"]
[Date "2014.03.12"]
[Round "2.4"]
[White "Lei, Tingjie"]
[Black "Zhai, Mo"]
[Result "1-0"]
[BlackTitle "WIM"]
[WhiteElo "2374"]
[BlackElo "2266"]
[WhiteFideId "8605114"]
[BlackFideId "8600201"]
[EventDate "2014.03.11"]

1. c4 Nf6 2. g3 e6 3. Bg2 d5 4. Nf3 Be7 5. O-O O-O 6. d4 dxc4 7. Qc2 b5 8. a4 b4
9. Nfd2 c6 10. Nxc4 Qxd4 11. Be3 Qd8 12. Rd1 Nd5 13. Bd4 Nd7 14. e4 N5b6 15.
Nxb6 axb6 16. Qxc6 Ra7 17. Nd2 Bb7 18. Qc2 Qc8 19. Qb3 Qc6 20. Rdc1 Nc5 21. Qxb4
Qd7 22. Qc3 Rd8 23. Be3 Rxa4 24. Rxa4 Nxa4 25. Qb3 Bc5 26. Nc4 Bxe3 27. Nxe3 Nc5
28. Qxb6 Na4 29. Qb4 Bc6 30. b3 Nb2 31. Qc3 Nd3 32. Rd1 f6 33. Nc4 e5 34. Nb2
Bb5 35. Nxd3 Qg4 36. f3 Qd7 37. Nf2 1-0

[Event "ch-CHN w 2014"]
[Site "Xinghua CHN"]
[Date "2014.03.12"]
[Round "2.5"]
[White "Ding, Yixin"]
[Black "Shen, Yang"]
[Result "1/2-1/2"]
[WhiteTitle "WGM"]
[BlackTitle "IM"]
[WhiteElo "2429"]
[BlackElo "2435"]
[WhiteFideId "8602972"]
[BlackFideId "8603162"]
[EventDate "2014.03.11"]

1. e4 e5 2. Nc3 Nf6 3. g3 Bc5 4. Bg2 Nc6 5. Nge2 a5 6. O-O O-O 7. d3 d6 8. h3
Bd7 9. Kh2 Nd4 10. f4 exf4 11. Nxf4 c6 12. Nce2 Qe7 13. Be3 Nxe2 14. Qxe2 a4 15.
Bxc5 dxc5 16. e5 Ne8 17. Rae1 g6 18. e6 fxe6 19. Nxe6 Rxf1 20. Bxf1 Nf6 21. Ng5
Qxe2+ 22. Rxe2 a3 23. b3 Nd5 24. c4 Nb4 25. Ne4 Rf8 26. Bg2 b6 27. g4 Nxd3 28.
g5 Rd8 29. Nf6+ Kf7 30. Rd2 Nb4 31. Nxh7 Ke7 32. Nf6 Bf5 33. Rf2 Rd1 34. h4 Nd3
35. Re2+ Kd6 36. Ne8+ Kd7 37. Nf6+ Kc7 38. Be4 Nc1 39. Rf2 Bxe4 40. Nxe4 Rd4 41.
Nc3 Rxh4+ 42. Kg3 Rh1 43. Rd2 Kb7 44. Kg2 Re1 45. Kf2 Rh1 46. Kg2 Re1 47. Kf2
Rh1 48. Kg2 Rh4 49. Kg3 Kc7 50. Rf2 Rh5 1/2-1/2

[Event "ch-CHN w 2014"]
[Site "Xinghua CHN"]
[Date "2014.03.12"]
[Round "2.6"]
[White "Ju, Wenjun"]
[Black "Zhang, Xiaowen"]
[Result "1-0"]
[WhiteTitle "WGM"]
[BlackTitle "WGM"]
[WhiteElo "2520"]
[BlackElo "2397"]
[WhiteFideId "8603006"]
[BlackFideId "8603219"]
[EventDate "2014.03.11"]

1. d4 Nf6 2. c4 g6 3. g3 Bg7 4. Bg2 O-O 5. Nc3 d6 6. Nf3 Nc6 7. O-O Nd7 8. Be3
e5 9. Qd2 Nb6 10. b3 Bg4 11. d5 Bxf3 12. Bxf3 Nd4 13. Bg2 Nf5 14. c5 Nxe3 15.
Qxe3 dxc5 16. Qxc5 e4 17. Rad1 Nd7 18. Qc4 Nb6 19. Qc5 Nd7 20. Qb4 a5 21. Qc4
Nb6 22. Qc5 Nd7 23. Qe3 f5 24. Nb5 Nf6 25. Qc5 Rf7 26. f3 exf3 27. Bxf3 Rd7 28.
Nd4 Ra6 29. Qb5 Kh8 30. e3 Bh6 31. Ne6 Bxe3+ 32. Kg2 Qg8 33. Qc4 Bh6 34. Nc5
Rad6 35. Nxd7 Rxd7 36. Rfe1 Bg7 37. Re6 g5 38. h3 h5 39. Rde1 g4 40. hxg4 fxg4
41. Be4 h4 42. gxh4 Nh5 43. Bg6 Rxd5 44. Bxh5 Rxh5 45. Re8 Bf8 46. Qxg8+ Kxg8
47. Rf1 1-0

[Event "ch-CHN w 2014"]
[Site "Xinghua CHN"]
[Date "2014.03.13"]
[Round "3.1"]
[White "Zhang, Xiaowen"]
[Black "Guo, Qi"]
[Result "0-1"]
[WhiteTitle "WGM"]
[BlackTitle "WGM"]
[WhiteElo "2397"]
[BlackElo "2462"]
[WhiteFideId "8603219"]
[BlackFideId "8604002"]
[EventDate "2014.03.11"]

1. e4 c6 2. d4 d5 3. Nc3 dxe4 4. Nxe4 Bf5 5. Ng3 Bg6 6. h4 h6 7. Nf3 Nd7 8. h5
Bh7 9. Bd3 Bxd3 10. Qxd3 e6 11. Bd2 Ngf6 12. O-O-O Be7 13. Ne4 Nxe4 14. Qxe4 Nf6
15. Qd3 c5 16. Kb1 O-O 17. g4 Nh7 18. Rhg1 cxd4 19. Nxd4 Qb6 20. Bc3 Rfd8 21. f4
Rd5 22. g5 hxg5 23. fxg5 Bxg5 24. Rdf1 Rad8 25. Qf3 f6 26. Nb3 e5 27. a3 Qe6 28.
Qe4 Bh6 29. Ka2 Ng5 30. Qe2 a5 31. a4 b5 32. Kb1 bxa4 33. Nxa5 Nh3 34. Rh1 Nf4
35. Qc4 Rc8 36. Qxa4 Ne2 37. Rd1 Nxc3+ 38. bxc3 Ra8 39. Qc6 Rb8+ 0-1

[Event "ch-CHN w 2014"]
[Site "Xinghua CHN"]
[Date "2014.03.13"]
[Round "3.2"]
[White "Shen, Yang"]
[Black "Ju, Wenjun"]
[Result "1/2-1/2"]
[WhiteTitle "IM"]
[BlackTitle "WGM"]
[WhiteElo "2435"]
[BlackElo "2520"]
[WhiteFideId "8603162"]
[BlackFideId "8603006"]
[EventDate "2014.03.11"]

1. d4 Nf6 2. c4 e6 3. Nc3 Bb4 4. e3 c5 5. Bd3 O-O 6. Nf3 Nc6 7. O-O Bxc3 8. bxc3
d6 9. Nd2 e5 10. Bb2 Re8 11. Qc2 cxd4 12. cxd4 Nb4 13. Qb3 Nxd3 14. Qxd3 e4 15.
Qc3 d5 16. a4 dxc4 17. Nxc4 Be6 18. Rfc1 Rc8 19. Qb4 Nd5 20. Qe1 Nb6 21. Nxb6
Qxb6 22. Bc3 h6 23. Ba5 Qa6 24. Bc3 Qb6 25. Ba5 Qa6 26. Bc3 Qb6 1/2-1/2

[Event "ch-CHN w 2014"]
[Site "Xinghua CHN"]
[Date "2014.03.13"]
[Round "3.3"]
[White "Zhai, Mo"]
[Black "Ding, Yixin"]
[Result "1/2-1/2"]
[WhiteTitle "WIM"]
[BlackTitle "WGM"]
[WhiteElo "2266"]
[BlackElo "2429"]
[WhiteFideId "8600201"]
[BlackFideId "8602972"]
[EventDate "2014.03.11"]

1. e4 c5 2. Nf3 d6 3. d4 cxd4 4. Nxd4 Nf6 5. Nc3 a6 6. Be3 e5 7. Nb3 Be7 8. Qd2
O-O 9. O-O-O a5 10. a4 Be6 11. Kb1 Nc6 12. f4 Qc8 13. f5 Nxe4 14. Nxe4 Bxf5 15.
Nc3 Nb4 16. Bd3 Bxd3 17. cxd3 d5 18. d4 Qf5+ 19. Ka1 Nc2+ 20. Ka2 Nb4+ 21. Ka1
Nc2+ 22. Ka2 Nb4+ 1/2-1/2

[Event "ch-CHN w 2014"]
[Site "Xinghua CHN"]
[Date "2014.03.13"]
[Round "3.4"]
[White "Xiao, Yiyi"]
[Black "Lei, Tingjie"]
[Result "0-1"]
[WhiteTitle "WFM"]
[WhiteElo "2177"]
[BlackElo "2374"]
[WhiteFideId "8606161"]
[BlackFideId "8605114"]
[EventDate "2014.03.11"]

1. e4 c5 2. Nf3 e6 3. d4 cxd4 4. Nxd4 Nc6 5. Nc3 Qc7 6. Be2 Nf6 7. O-O Be7 8.
Be3 O-O 9. f4 d6 10. Kh1 Nxd4 11. Qxd4 b6 12. Bf3 Bb7 13. Rad1 Rfd8 14. f5 Rac8
15. Nb5 Qb8 16. c4 exf5 17. exf5 Bxf3 18. Rxf3 d5 19. Qh4 dxc4 20. Bd4 Bc5 21.
Re1 Bxd4 22. Nxd4 Re8 23. h3 Rxe1+ 24. Qxe1 Qd6 25. Nb5 Qd7 26. Nc3 Re8 27. Qh4
b5 28. a3 a5 29. a4 b4 30. Nb5 Re4 31. Qg3 h6 32. Kh2 Qe7 33. Nd6 Nh5 34. f6 Qe6 0-1

[Event "ch-CHN w 2014"]
[Site "Xinghua CHN"]
[Date "2014.03.13"]
[Round "3.5"]
[White "Gu, Tianlu"]
[Black "Wang, Doudou"]
[Result "1/2-1/2"]
[BlackTitle "WIM"]
[WhiteElo "2164"]
[BlackElo "2217"]
[WhiteFideId "8603995"]
[BlackFideId "8603197"]
[EventDate "2014.03.11"]

1. d4 d6 2. c4 e5 3. Nc3 exd4 4. Qxd4 Nc6 5. Qd1 g6 6. g3 Bg7 7. Bg2 Ne5 8. f4
Nc6 9. Nf3 Be6 10. Nd5 h6 11. Qc2 Nge7 12. e4 Qd7 13. Bd2 O-O-O 14. Bc3 Bxc3+
15. Qxc3 Bh3 16. Bxh3 Qxh3 17. O-O-O f5 18. e5 dxe5 19. Nxe5 Nxd5 20. cxd5 Nxe5
21. fxe5 Qg2 22. e6 Rhe8 23. Qc5 Kb8 24. e7 Rd7 25. Rhe1 b6 26. Qc6 Rexe7 27.
Rxe7 Rxe7 28. Qxg6 f4 29. Qf5 Re4 30. gxf4 Qe2 31. b3 Qe3+ 32. Kb1 Rxf4 33. Qh7
Qe5 34. Qg8+ Kb7 35. Qg2 Qf5+ 36. Qc2 Qxc2+ 37. Kxc2 Rh4 38. Rd2 Rh3 39. a4 Kc8
40. d6 c6 41. d7+ Kd8 42. Kb2 Rf3 43. Rd6 Rf2+ 44. Kc3 Rxh2 45. Rxc6 Kxd7 46.
Rg6 h5 1/2-1/2

[Event "ch-CHN w 2014"]
[Site "Xinghua CHN"]
[Date "2014.03.13"]
[Round "3.6"]
[White "Wang, Jue"]
[Black "Tan, Zhongyi"]
[Result "0-1"]
[WhiteTitle "WGM"]
[BlackTitle "WGM"]
[WhiteElo "2384"]
[BlackElo "2499"]
[WhiteFideId "8604070"]
[BlackFideId "8603642"]
[EventDate "2014.03.11"]

1. e4 d6 2. d4 Nf6 3. Nc3 g6 4. Be3 c6 5. h3 Bg7 6. a4 a5 7. Nf3 O-O 8. Be2 Na6
9. O-O Nb4 10. Qd2 e5 11. Rad1 Qe7 12. Rfe1 Re8 13. Bf1 h6 14. Qc1 Kh7 15. dxe5
dxe5 16. Nd2 Be6 17. Nc4 Bxc4 18. Bxc4 Red8 19. Bb6 Rxd1 20. Rxd1 Nd7 21. Bc7
Nf8 22. Bd6 Qe8 23. Ne2 Ne6 24. c3 Na6 25. Qe3 Rd8 26. Rd3 b5 27. axb5 cxb5 28.
Bxe6 Qxe6 29. Qb6 Qc4 30. Nc1 Nb4 31. b3 Qc8 32. cxb4 Qxc1+ 33. Kh2 Rd7 34. bxa5
Qf4+ 35. g3 Qxe4 36. Re3 Qa8 37. b4 Bf8 38. Bxf8 Rd1 39. f3 Rd2+ 40. Kg1 Qc8 41.
Bc5 Qxh3 42. Re2 Qxg3+ 43. Kf1 0-1

[Event "ch-CHN w 2014"]
[Site "Xinghua CHN"]
[Date "2014.03.14"]
[Round "4.1"]
[White "Guo, Qi"]
[Black "Tan, Zhongyi"]
[Result "1/2-1/2"]
[WhiteTitle "WGM"]
[BlackTitle "WGM"]
[WhiteElo "2462"]
[BlackElo "2499"]
[WhiteFideId "8604002"]
[BlackFideId "8603642"]
[EventDate "2014.03.11"]

1. d4 d5 2. Nf3 e6 3. c4 Nf6 4. Nc3 Bb4 5. Bg5 h6 6. Bxf6 Qxf6 7. Qa4+ Nc6 8. e3
O-O 9. Rc1 Qg6 10. Qc2 Bxc3+ 11. Qxc3 dxc4 12. Qxc4 Bd7 13. Qd3 Qxd3 14. Bxd3
Nb4 15. Bc4 Rfc8 16. a3 Nd5 17. Ne5 Be8 18. h4 a6 19. Bxd5 exd5 20. Kd2 h5 21.
f3 c6 22. Rhg1 Rc7 23. g4 f6 24. Nd3 hxg4 25. Rxg4 Bd7 26. Rg3 Bf5 27. Nf4 Re7
28. Rcg1 Rf8 29. Nh5 Rff7 30. R3g2 Bh7 31. Nf4 Rf8 32. h5 Bf5 33. Ng6 Bxg6 34.
Rxg6 Kh7 35. f4 f5 36. R1g5 Rf6 37. Kd3 a5 38. a4 Ref7 39. b3 Re7 40. Rg1 Rfe6
41. R1g3 Rf6 42. Rg1 Rfe6 43. R1g3 Rf6 44. Rg1 1/2-1/2

[Event "ch-CHN w 2014"]
[Site "Xinghua CHN"]
[Date "2014.03.14"]
[Round "4.2"]
[White "Wang, Doudou"]
[Black "Wang, Jue"]
[Result "0-1"]
[WhiteTitle "WIM"]
[BlackTitle "WGM"]
[WhiteElo "2217"]
[BlackElo "2384"]
[WhiteFideId "8603197"]
[BlackFideId "8604070"]
[EventDate "2014.03.11"]

1. d4 Nf6 2. c4 e6 3. Nc3 Bb4 4. e3 O-O 5. Bd3 d5 6. Ne2 b6 7. cxd5 exd5 8. a3
Be7 9. b4 a6 10. O-O Re8 11. Bb2 Nbd7 12. Ng3 Bb7 13. Rc1 Bf8 14. Bb1 b5 15. Qc2
Nb6 16. Nce2 Nc4 17. Nf4 g6 18. Nd3 Bd6 19. Rfe1 Ng4 20. Nf4 Qh4 21. Nh3 Re7 22.
Ba2 Rae8 23. Bxc4 bxc4 24. Rcd1 Bc8 25. Bc3 Nf6 26. Nf4 Bxf4 27. exf4 Qxf4 28.
Qd2 Rxe1+ 29. Rxe1 Qxd2 30. Bxd2 Bf5 31. Rxe8+ Nxe8 32. Ne2 Bd3 33. Nc3 c6 34.
Bf4 f6 35. f3 g5 36. Bd2 Nd6 37. Kf2 Kf7 38. g4 h5 39. h3 Kg6 40. Kg3 f5 41. f4
h4+ 42. Kg2 Be4+ 43. Kf2 Ne8 44. fxg5 Ng7 45. Be3 Ne6 46. gxf5+ Bxf5 47. Kg2
Nxg5 48. Bxg5 Kxg5 49. a4 Kf4 50. b5 axb5 51. axb5 cxb5 52. Nxd5+ Ke4 53. Nc3+
Kd3 54. Nxb5 Be4+ 55. Kf2 Bc6 56. Na3 c3 57. Ke1 c2 58. Nxc2 Kxc2 59. Ke2 Bd7
60. d5 Bxh3 61. Kf3 Bd7 62. Kf4 h3 63. Kg3 Kd3 0-1

[Event "ch-CHN w 2014"]
[Site "Xinghua CHN"]
[Date "2014.03.14"]
[Round "4.3"]
[White "Lei, Tingjie"]
[Black "Gu, Tianlu"]
[Result "1-0"]
[WhiteElo "2374"]
[BlackElo "2164"]
[WhiteFideId "8605114"]
[BlackFideId "8603995"]
[EventDate "2014.03.11"]

1. Nf3 Nf6 2. c4 c6 3. g3 d5 4. Bg2 g6 5. b3 Bg7 6. Bb2 O-O 7. d3 a5 8. O-O Na6
9. Nbd2 Nd7 10. d4 Nf6 11. Re1 Ne4 12. cxd5 cxd5 13. Nxe4 dxe4 14. Ne5 f6 15.
Nc4 f5 16. Qd2 Nb4 17. f3 b5 18. Na3 Qd5 19. Rac1 Rd8 20. fxe4 fxe4 21. Rc7 Bf5
22. Rxe7 Nc6 23. Rxg7+ Kxg7 24. Nc2 Kg8 25. g4 Bxg4 26. Ne3 Qg5 27. d5 b4 28.
Rf1 Rf8 29. dxc6 Rad8 30. Rxf8+ Kxf8 31. Qc1 Bh3 32. c7 Rc8 33. Bd4 Bxg2 34.
Qc5+ Qxc5 35. Bxc5+ Kf7 36. Kxg2 Rxc7 37. Bb6 Rc3 38. Bd4 Rc8 39. Nc4 Ke6 40.
Kf2 a4 41. Ke3 a3 42. Kxe4 g5 43. Be3 Kf6 44. Bd2 Re8+ 45. Kf3 g4+ 46. Kf2 Rb8
47. Ne3 h5 48. Bxb4 Ra8 49. Kg3 Re8 1-0

[Event "ch-CHN w 2014"]
[Site "Xinghua CHN"]
[Date "2014.03.14"]
[Round "4.4"]
[White "Ding, Yixin"]
[Black "Xiao, Yiyi"]
[Result "1-0"]
[WhiteTitle "WGM"]
[BlackTitle "WFM"]
[WhiteElo "2429"]
[BlackElo "2177"]
[WhiteFideId "8602972"]
[BlackFideId "8606161"]
[EventDate "2014.03.11"]

1. e4 c5 2. Nf3 e6 3. d4 cxd4 4. Nxd4 Nc6 5. Nc3 Qc7 6. Be2 a6 7. O-O Nf6 8. Be3
Bb4 9. Na4 Be7 10. Nxc6 bxc6 11. Nb6 Rb8 12. Nxc8 Qxc8 13. Bd4 c5 14. Be5 Rb6
15. Qd3 d6 16. Bc3 O-O 17. b3 d5 18. exd5 exd5 19. Bf3 d4 20. Bd2 Bd6 21. g3 Qh3
22. Bg2 Qh5 23. Rae1 Bb8 24. Qc4 Qf5 25. Re7 h5 26. c3 h4 27. cxd4 h3 28. Bh1
cxd4 29. Rb7 Rxb7 30. Bxb7 Rd8 31. Qxa6 d3 32. Qc4 Ba7 33. Qf4 Qxf4 34. Bxf4 Ng4
35. Bd2 Re8 36. Bf3 Re2 37. Bxg4 Rxd2 38. a4 Rb2 39. Bxh3 Rxb3 40. Rd1 Rb2 41.
Rxd3 Rxf2 42. Kh1 Ra2 43. Rd8+ Kh7 44. Rd7 Ra1+ 45. Kg2 Ra2+ 46. Kf3 Ra3+ 47.
Ke2 Rxa4 48. Bf5+ g6 49. Rxf7+ Kh6 50. Bc2 Ra6 51. h4 Kh5 52. Kf3 Ra3+ 53. Kg2
Ra2 54. Kh3 Ra3 55. Rh7# 1-0

[Event "ch-CHN w 2014"]
[Site "Xinghua CHN"]
[Date "2014.03.14"]
[Round "4.5"]
[White "Ju, Wenjun"]
[Black "Zhai, Mo"]
[Result "1-0"]
[WhiteTitle "WGM"]
[BlackTitle "WIM"]
[WhiteElo "2520"]
[BlackElo "2266"]
[WhiteFideId "8603006"]
[BlackFideId "8600201"]
[EventDate "2014.03.11"]

1. c4 Nf6 2. Nf3 e6 3. g3 d5 4. Bg2 Be7 5. d4 O-O 6. Qc2 c5 7. O-O cxd4 8. Nxd4
Qb6 9. Rd1 Bc5 10. e3 e5 11. Nb3 dxc4 12. Nxc5 Qxc5 13. b3 Qa5 14. bxc4 Nc6 15.
Nc3 Bg4 16. Rd2 Nb4 17. Qb3 Rfe8 18. Nb5 e4 19. Qc3 Red8 20. Rxd8+ Rxd8 21. Bd2
b6 22. Qb2 Nd3 23. Qxf6 gxf6 24. Bxa5 bxa5 25. Bxe4 Ne5 26. c5 a6 27. Nd4 Rc8
28. c6 Be6 29. a4 Kf8 30. Rb1 Nc4 31. Bd3 1-0